Poisoned for pennies : the economics of toxics and precaution

সংরক্ষণ করুন:
গ্রন্থ-পঞ্জীর বিবরন
প্রধান লেখক:  Ackerman, Frank
বিন্যাস: Sách
ভাষা:Undetermined
প্রকাশিত:  Island Press  2008
বিষয়গুলি:
ট্যাগগুলো: ট্যাগ যুক্ত করুন
কোনো ট্যাগ নেই, প্রথমজন হিসাবে ট্যাগ করুন!
Thư viện lưu trữ: Trung tâm Thư viện - Trường Đại học Công nghiệp TP. Hồ Chí Minh
LEADER 00527nam a2200157Ia 4500
001 UIH_03993
008 231011s9999 xx 000 0 und d
082 |a  363.7384 
100 |a  Ackerman, Frank 
245 0 |a  Poisoned for pennies : the economics of toxics and precaution 
245 0 |c  Ackerman, Frank 
260 |b  Island Press 
260 |c  2008 
650 |a  Môi trường; Environmental policy;  
927 |a Sách 
980 |a Trung tâm Thư viện - Trường Đại học Công nghiệp TP. Hồ Chí Minh